00780cam a22002291 450000100060000000300080000600500170001400800390003103500190007003500190008904000450010804100080015308200230016110000460018424500940023025000170032426000420034130000370038350400500042065000400047065000400051016293BD-RjUL20211209000006.0140213r19681964enka 001 0 eng a(BD-RjUL)16348 a(OCoLC)2846466 aDLCcArLUAdOCoLCdUkdDLCdBD-RjULbeng aeng a872.0937bBER 19681 aBeare, W.,d1720 or 1721-1758.q(William)14aThe Roman stage :ba short history of Latin drama in the time of the Republic /cW. Beare a3rd rev. ed. aLondon :bMethuen,c[Reprinted 1968]. axiii, 397 p. :billus. ;c23 cm. aIncludes bibliography (p. 346-352) and index. 0aLatin dramaxHistory and criticism. 0aTheaterzRomevEarly works to 1800.